=LDR 00000nam 2200000 4500 =001 INLIS00000000000009 =005 20260702043538 =020 ##$$a 978-602-52915-0-0 =082 ##$$a 615.321 =100 1#$$a Febrianti, Reni =245 1 $$a Apotek Hidup /$c Reni Febrianti =300 ##$$a viii + 116 ; 14 x 20